<?xml version="1.0" encoding="UTF-8"?>
<record
    xmlns:xsi="http://www.w3.org/2001/XMLSchema-instance"
    xsi:schemaLocation="http://www.loc.gov/MARC21/slim http://www.loc.gov/standards/marcxml/schema/MARC21slim.xsd"
    xmlns="http://www.loc.gov/MARC21/slim">

  <leader>01027nam a22002537a 4500</leader>
  <controlfield tag="005">20240530110515.0</controlfield>
  <controlfield tag="008">160128s2014    ua     f      000 0dara d</controlfield>
  <datafield tag="017" ind1=" " ind2=" ">
    <subfield code="a">2014/4306</subfield>
    <subfield code="b">&#x645;&#x635;&#x631; . &#x62F;&#x627;&#x631; &#x627;&#x644;&#x643;&#x62A;&#x628; &#x627;&#x644;&#x645;&#x635;&#x631;&#x64A;&#x629;</subfield>
  </datafield>
  <datafield tag="040" ind1=" " ind2=" ">
    <subfield code="a">EG-CaGPL</subfield>
  </datafield>
  <datafield tag="082" ind1="0" ind2="4">
    <subfield code="2">21</subfield>
    <subfield code="a">962.031</subfield>
    <subfield code="b">&#x642;/&#x623; &#x630;</subfield>
  </datafield>
  <datafield tag="100" ind1="1" ind2=" ">
    <subfield code="a">&#x627;&#x646;&#x62A;&#x648;&#x634;&#x64A;&#x646; &#x60C; &#x627; . &#x641; .</subfield>
  </datafield>
  <datafield tag="245" ind1="1" ind2="0">
    <subfield code="a">&#x630;&#x647;&#x628; &#x633;&#x646;&#x627;&#x631; /</subfield>
    <subfield code="c">&#x627; . &#x641; . &#x627;&#x646;&#x62A;&#x648;&#x634;&#x64A;&#x646; &#x61B; &#x62A;&#x631;&#x62C;&#x645;&#x629; &#x648;&#x644;&#x64A;&#x62F; &#x627;&#x62D;&#x645;&#x62F; &#x637;&#x644;&#x628;&#x629;</subfield>
  </datafield>
  <datafield tag="250" ind1=" " ind2=" ">
    <subfield code="a">&#x637;2</subfield>
  </datafield>
  <datafield tag="260" ind1=" " ind2=" ">
    <subfield code="a">&#x627;&#x644;&#x642;&#x627;&#x647;&#x631;&#x629; :</subfield>
    <subfield code="b">&#x623;&#x646; . &#x627;&#x621; &#x631;&#x648;&#x633;..&#x627; &#x60C;</subfield>
    <subfield code="c">2014 .</subfield>
  </datafield>
  <datafield tag="300" ind1=" " ind2=" ">
    <subfield code="a">157 &#x635; &#x61B;</subfield>
    <subfield code="c">19 &#x633;&#x645; .</subfield>
  </datafield>
  <datafield tag="650" ind1="0" ind2="4">
    <subfield code="a">&#x627;&#x644;&#x630;&#x647;&#x628;</subfield>
    <subfield code="x">&#x627;&#x644;&#x62A;&#x646;&#x642;&#x64A;&#x628; &#x639;&#x646;</subfield>
    <subfield code="x">&#x62A;&#x627;&#x631;&#x64A;&#x62E;</subfield>
    <subfield code="z">&#x645;&#x635;&#x631;</subfield>
  </datafield>
  <datafield tag="650" ind1="0" ind2="4">
    <subfield code="a">&#x627;&#x644;&#x630;&#x647;&#x628;</subfield>
    <subfield code="x">&#x62C;&#x64A;&#x648;&#x644;&#x648;&#x62C;&#x64A;&#x627;</subfield>
    <subfield code="x">&#x62A;&#x627;&#x631;&#x64A;&#x62E;</subfield>
    <subfield code="z">&#x645;&#x635;&#x631;</subfield>
  </datafield>
  <datafield tag="650" ind1="0" ind2="4">
    <subfield code="a">&#x627;&#x644;&#x630;&#x647;&#x628;</subfield>
    <subfield code="x">&#x62A;&#x639;&#x62F;&#x64A;&#x646;</subfield>
    <subfield code="x">&#x62A;&#x627;&#x631;&#x64A;&#x62E;</subfield>
    <subfield code="z">&#x645;&#x635;&#x631;</subfield>
  </datafield>
  <datafield tag="650" ind1="0" ind2="4">
    <subfield code="a">&#x627;&#x644;&#x630;&#x647;&#x628;</subfield>
    <subfield code="x">&#x645;&#x646;&#x627;&#x62C;&#x645;</subfield>
    <subfield code="x">&#x62A;&#x627;&#x631;&#x64A;&#x62E;</subfield>
    <subfield code="z">&#x645;&#x635;&#x631;</subfield>
  </datafield>
  <datafield tag="651" ind1="0" ind2="4">
    <subfield code="a">&#x645;&#x635;&#x631;</subfield>
    <subfield code="x">&#x62A;&#x627;&#x631;&#x64A;&#x62E;</subfield>
    <subfield code="y">&#x627;&#x644;&#x639;&#x635;&#x631; &#x627;&#x644;&#x62D;&#x62F;&#x64A;&#x62B;</subfield>
    <subfield code="x">&#x639;&#x635;&#x631; &#x645;&#x62D;&#x645;&#x62F; &#x639;&#x644;&#x649; ( 1805 - 1849 &#x645; )</subfield>
  </datafield>
  <datafield tag="700" ind1="0" ind2=" ">
    <subfield code="a"> &#x648;&#x644;&#x64A;&#x62F; &#x627;&#x62D;&#x645;&#x62F; &#x637;&#x644;&#x628;&#x629;</subfield>
    <subfield code="e">&#x645;&#x62A;&#x631;&#x62C;&#x645;</subfield>
  </datafield>
  <datafield tag="942" ind1=" " ind2=" ">
    <subfield code="2">ddc</subfield>
    <subfield code="c">BK</subfield>
  </datafield>
  <datafield tag="999" ind1=" " ind2=" ">
    <subfield code="c">61779</subfield>
    <subfield code="d">61779</subfield>
  </datafield>
  <datafield tag="952" ind1=" " ind2=" ">
    <subfield code="0">0</subfield>
    <subfield code="1">0</subfield>
    <subfield code="4">0</subfield>
    <subfield code="7">0</subfield>
    <subfield code="a">CAI</subfield>
    <subfield code="b">CAI</subfield>
    <subfield code="d">2016-01-28</subfield>
    <subfield code="l">0</subfield>
    <subfield code="o">962.031 &#x642;/&#x623; &#x630;</subfield>
    <subfield code="p">161170</subfield>
    <subfield code="r">2016-01-28 00:00:00</subfield>
    <subfield code="w">2016-01-28</subfield>
    <subfield code="y">BK</subfield>
  </datafield>
</record>
